Краткий русско-французский учебный словарь: Около 13500 слов . С приложением очерка русского словоизменения и сведений по русской фонетике

Xehetasun bibliografikoak
Egile nagusia: Зализняк А. А. Андрей Анатольевич
Hizkuntza:errusiera
frantsesa
Argitaratua: Москва, Советская энциклопедия, 1969
Gaiak:
Formatua: MixedMaterials Liburua
KOHA link:https://koha.lib.tpu.ru/cgi-bin/koha/opac-detail.pl?biblionumber=66384

MARC

LEADER 00000nam0a2200000 4500
001 66384
005 20231101212245.0
035 |a (RuTPU)RU\TPU\book\70555 
035 |a RU\TPU\book\55139 
090 |a 66384 
100 |a 20040817d1969 km y0rusy50 ca 
101 0 |a rus  |a fre 
102 |a RU 
105 |a y e 000zy 
200 1 |a Краткий русско-французский учебный словарь  |e Около 13500 слов . С приложением очерка русского словоизменения и сведений по русской фонетике  |f А. А. Зализняк 
210 |a Москва  |c Советская энциклопедия  |d 1969 
215 |a 688 с. 
606 1 |a Французский язык  |x Словари  |2 stltpush  |3 (RuTPU)RU\TPU\subj\16828  |9 42728 
610 1 |a французско-русские словари 
610 1 |a учебные словари 
610 1 |a лексика 
686 |a Ш147.11-4  |v LBC/SL-A  |2 rubbk 
700 1 |a Зализняк  |b А. А.  |g Андрей Анатольевич 
801 1 |a RU  |b 63413507  |c 20030603  |g PSBO 
801 2 |a RU  |b 63413507  |c 20180301  |g PSBO 
942 |c BK